| 000 | 00447pab a2200169 454500 | ||
|---|---|---|---|
| 008 | 180718b1995 xxu||||| |||| 00| 0 eng d | ||
| 100 | _aDreze, Jacques H. | ||
| 245 |
_aForty years of public economics _ba personal perspective. |
||
| 260 | _c1995 | ||
| 300 | _ap.111-30 | ||
| 362 | _aSpring | ||
| 650 | _aMacroeconomics | ||
| 650 | _aFiscal policy | ||
| 650 | _aFinance, Public | ||
| 773 | _aJournal of Economic Perspectives | ||
| 909 | _a29382 | ||
| 999 |
_c29382 _d29382 |
||